| 000 | 00907nam a22002651u 4500 | ||
|---|---|---|---|
| 001 | 04636 | ||
| 003 | HDC | ||
| 007 | cr bn --- | ||
| 008 | 210117p my go d 00 engg | ||
| 040 | _aHDC | ||
| 110 | _aMATRADE | ||
| 245 | 0 |
_aCOMPETITIVENESS OF MALAYSIAN EXPORTERS : _bISSUES & CHALLENGES : MATRADE'S PERSPECTIVE / _cby ZUAZIEZIE ZULKEFLI |
|
| 260 |
_a[No Place] : _b[publisher not identified], _c[no year] |
||
| 300 |
_a24 pages : _billustrations |
||
| 336 |
_atext _2rdacontent |
||
| 337 |
_acomputer _2rdamedia |
||
| 338 |
_aonline resource _2rdacarrier |
||
| 650 |
_aExport _94753 |
||
| 650 |
_aMalaysia export _94754 |
||
| 650 |
_aTrade _94755 |
||
| 856 | _zRequest full-text at [email protected] | ||
| 942 | _2lcc | ||
| 942 | _cSLIDE | ||
| 942 | _kSLID 000284 | ||
| 999 |
_c1961 _d1961 |
||